Normal view
MARC view
Entry Personal Name
001 - CONTROL NUMBER
- control field: 12064
003 - CONTROL NUMBER IDENTIFIER
- control field: OSt
005 - DATE AND TIME OF LATEST TRANSACTION
- control field: 20240506220109.0
008 - FIXED-LENGTH DATA ELEMENTS
- fixed length control field: 240506|| aca||aabn | a|a d
040 ## - CATALOGING SOURCE
- Original cataloging agency: OSt
- Transcribing agency: OSt
100 ## - HEADING--PERSONAL NAME
- Personal name: Prudente, Ashley M., technical critic
670 ## - SOURCE DATA FOUND
- Source citation: Work cat.: (OSt): Bautista, Cyril Bless T., author 12062, CCATALK: A Mobile Application Communication System of Cavite State University - CCAT / , 2019
